Modern dairy products
保存先:
| 第一著者: | |
|---|---|
| フォーマット: | 図書 |
| 言語: | 英語 |
| 出版事項: |
Nueva York
Chemical Publishing
1970
|
| 主題: | |
| タグ: |
タグ追加
タグなし, このレコードへの初めてのタグを付けませんか!
|
MARC
| LEADER | 00000nam a2200000 a 4500 | ||
|---|---|---|---|
| 001 | UCU6583 | ||
| 003 | CL-VaPUC | ||
| 008 | 960621e19700000US |||||||||||||||||eng|d | ||
| 082 | 0 | 4 | |a 636.14 |b LAM |2 21 |
| 100 | 0 | |a Lampert, Lincoln M |e author |9 364835 | |
| 245 | 1 | 0 | |a Modern dairy products |
| 300 | |a 418 p | ||
| 942 | |c BK | ||
| 945 | |d 19960621 00:00:00 |a lriquelm | ||
| 260 | |a Nueva York |b Chemical Publishing |c 1970 | ||
| 650 | 0 | |a Leche |9 259848 | |
| 650 | 0 | |a Productos lácteos |9 259521 | |
| 650 | 0 | |a Alimentos |9 256203 | |
| 650 | 7 | |a TECNOLOGIA DE ALIMENTOS |2 CL-VaPUC |9 364836 | |
| 650 | 7 | |a QUESO |2 CL-VaPUC |9 362346 | |
| 583 | |a last modification |c 19960621 00:00:00 |k Rodrigo Vera | ||
| 999 | |c 249441 |d 249439 | ||
| 952 | |0 0 |1 0 |4 0 |6 636_140000000000000_LAM_1970 |7 0 |8 A |9 266706 |a BIBING |b BIBING |d 2019-11-19 |i 1689843 |o 636.14 LAM 1970 |p 1689843 |r 2025-01-20 |w 2019-11-19 |y BK |k EIB | ||
| 952 | |0 0 |1 0 |4 0 |6 636_140000000000000_LAM_1970 |7 0 |8 A |9 266707 |a BIBALI |b BIBALI |c GEN |d 2019-11-19 |i 1963368 |o 636.14 LAM 1970 |p 1963368 |r 2025-01-20 |w 2019-11-19 |y BK |k ALI | ||